| 000 | 00363nam a2200145Ia 4500 | ||
|---|---|---|---|
| 008 | 230718s9999 xx 000 0 und d | ||
| 041 | _aEng. | ||
| 082 |
_a346.0488 _bIMR-G |
||
| 100 | _aimran ahsan khan nayaze | ||
| 245 | 0 | _ageneral principle of criminal of law | |
| 260 |
_aPakistan _bfederal law house _c2020 |
||
| 300 | _a626 | ||
| 650 | _aLaw | ||
| 999 |
_c33022 _d33022 |
||